Gustav Klimt und das ewig Weibliche /

Disimpan dalam:
Butiran Bibliografi
Pengarang Utama: Gabelmann, Andreas.
Format: Buku
Bahasa:German
Diterbitkan: Ostfildern : Hatje Cantz, c2011.
Siri:Kunst zum Lesen.
Subjek-subjek:
Penanda-penanda: Tambah Penanda
Tiada Penanda, Jadilah orang pertama menanda rekod ini!
LEADER 00974nam a2200313Ma 4500
001 012995480-2
005 20111207164137.0
008 111021s2011 gw 000 0 ger d
020 |a 9783775730242 (pbk.) 
020 |a 3775730249 (pbk.) 
020 |a 9783775730259 (e-book) 
020 |a 3775730257 (e-book) 
035 0 |a ocn759468654 
040 |a BP1  |c BP1 
050 4 |a ND511.5.K55  |b G33 2011 
100 1 |a Gabelmann, Andreas. 
245 1 0 |a Gustav Klimt und das ewig Weibliche /  |c von Andreas Gabelmann. 
260 |a Ostfildern :  |b Hatje Cantz,  |c c2011. 
300 |a 125 p. :  |b 25 ill. (24 col.) ;  |c 19 cm. 
490 1 |a Kunst zum Lesen 
504 |a Includes bibliographical references (p. 121-123). 
600 1 0 |a Klimt, Gustav,  |d 1862-1918  |x Themes, motives. 
600 1 0 |a Klimt, Gustav,  |d 1862-1918  |x Relations with women. 
650 0 |a Femininity in art. 
830 0 |a Kunst zum Lesen. 
899 |a 415_565269 
988 |a 20111207 
049 |a HLSS 
906 |0 OCLC